01841cam a22004454i 4500003000900000005001700009008004100026035001800067040003300085049000900118082001900127100003100146245007600177264006100253300003800314336002100352337002500373338002300398505024200421526001000663526001000673526001000683526001000693526000800703526000800711526000800719526000800727526000800735526000800743526000800751630004000759910001800799942001400817949013400831994001400965596000600979999017500985980005501160952018001215PE-LiUPU20250731173515.0150616s1968 bl r 000 0 por d a(Sirsi) a7935 aPE-LiUPUbspacPE-LiUPUerda aPRUA04a224.5bM412211 aMello, Araceli S.,eautor.10aTestemunhos históricos das profecías de Daniel /cAraceli S. Mello. 1aRio de Janeiro :bGráfica editora Laemert S.A.,c1968. a762 páginas ;c22 centímetros atext2rdacontent aunmediated2rdamedia avolume2rdacarrier0 aEmbaixadores de Deus na corte de Babilonia -- O impressionante soho dos imperio s-- Uma poderosa licao de libertade de consciencia -- O seguro resultado da procrastinacao -- O banquete fatal de Babilonia 249 -- Vitoria na cova dos leoes. aSEG42 aSEG41 aSEG40 aSEG39 aP94 aP87 aP86 aP85 aP77 aP76 aP35 aBiblia.pA.T.pDanielxComentarios. ajckbjvqcjck 2ddccBOOK a224.5 M41wDEWEYc1i38985lCCODEBUL1mBULp00.00r0sYtBOOKu20050803xBIBLIOTECAzUNKNOWN0COMPRAo.STAFF. Colección General aC0bPEPRU a1 a224.5 M41wDEWEYc59231i38985d59231e2017-11-14f2021-11-9g5lCCODEBUL1mBULn1p12.00q1r0sYtBOOKu2015-6-16xTEOLOGIAPP350COMPRAo.STAFF. Colección Teología 81gALBERTO SANCHEZ Responsable de Automatización r2025-12-02 00:00:00i6l1o224.5 M41p38985s2017-11-14te1v17.00w2015-06-16xFTyBKzinventario-2023-12-13102ddc50708GENfP35aBULbBULcGENd2015-06-16eCOMPRAg12.00